000 00991nam a22003017a 4500
001 BR0202474
003 BR-BrBNA
005 20230928101058.0
007 ta
008 230509b bl.||||| |||| 00| 0 por d
040 _aBR-BrBNA
_bpor
_cBiblioteca Nacional de Agricultura
041 _a(Por)
072 _aL10
_b5400
090 _ 5400 BR0202474
100 1 _aOliveira, P.F.
110 1 _aUniversidade Federal de Viçosa, Belo Horizonte (Brasil). Escola de Veterinária
_0Tese (Mestre em Zootecnia)
_911003
245 1 _aTeste de DNA para verificação de parentesco em cães - avaliação do método não automatizado com o auxílio do primer CMR S
260 3 _aBelo Horizonte, MG (Brasil):
_c2001.
300 _a31 p.
500 _aSummaries (Eng, Por); 49 ref.; 7 tables; 7 illus.
650 _aCÃO
650 _aMELHORAMENTO GENÉTICO ANIMAL
650 _aDNA
650 _aHEREDITARIEDADE
650 _aRAÇA
909 _a202309
_bLucia
_c55
_dLucia Elande
942 _cBK
999 _c64153
_d64153